Orthopaedic surgery : (رقم التسجيلة. 31544)

تفاصيل مارك
000 -الفاتح
حقل البيانات ثابتة الطول 03746cam a22003618a 4500
001 - رقم الضبط
رقم الضبط 16443558
003 - محدد رقم الضبط
رقم الضبط OSt
005 - وقت وتاريخ اخر تعامل مع التسجيلة
رقم الضبط 20150408114145.0
008 - عناصر البيانات ثابتة الطول - معلومات عامة
حقل البيانات ثابتة الطول 100831s2010 pau b 001 0 eng
010 ## - رقم ضبط مكتبة الكونجرس
رقم ضبط مكتبة الكونجرس 2010037456
020 ## - الرقم الدولى المعيارى للكتب
الرقم الدولى المعيارى للكتاب 9780781797511 (hardback : alk. paper)
035 ## - رقم ضبط النظام
رقم ضبط النظام (DNLM)101539358
040 ## - مصدر الفهرسة
وكالة الفهرسة الأصلية DNLM/DLC
وكالة النسخ DLC
042 ## - رمز التحقق
رمز التحقق pcc
050 00 - رقم طلب مكتبة الكونجرس
رقم التصنيف RD731
رقم المادة .O7745 2010
060 10 - رقم الطلب بالمكتبة الطبية الوطنية
رقم التصنيف WE 190
082 00 - رقم تصنيف ديوى العشرى
رقم التصنيف 617.47
رقم الطبعة 22
رقم المادة ORS
245 00 - بيان العنوان
العنوان Orthopaedic surgery :
بقية العنوان principles of diagnosis and treatment /
بيان المسئوليه,etc editors, Brent B. Wiesel ... [et al.].
260 ## - PUBLICATION, DISTRIBUTION, ETC. (IMPRINT)
مكان الناشر او الموزع Philadelphia :
اسم الناشر او الموزع Wolters Kluwer/Lippincott Williams & Wilkins Health,
تاريخ النشر أو التوزيع c2010.
263 ## - تاريخ النشر المتوقع
تاريخ النشر المتوقع 1009
300 ## - الوصف المادى
التعداد p. ;
أبعاد الوعاء cm.
504 ## - تبصرة ببليوجرافية
تبصرة ببليوجرافية,الخ Includes bibliographical references and index.
505 8# - تبصرة محتويات-الفهرس
تبصرة المحتويات المصاغة (Publisher-supplied data) Chapter 1: Basic Science -- Chapter 2: Epidemiology and Biostatistics in Orthopaedic Surgery Keith D. Baldwin and G. Russell Huffman -- Chapter 3: Imaging in Orthopaedic Surgery Turner Vosseller and John N. Delahay[DM2] -- Chapter 4: Electrodiagnostic Testing Michael K. Kuo -- Chapter 5: Musculoskeletal Infections Andrew F. Kuntz, and John L. Esterhai -- Chapter 6: Metabolic Bone Diseases Aasis Unnanuntana, Brian P. Gladnick, Benjamin McArthur, Moira McCarthy, and Joseph M. Lane -- Chapter 7: Rheumatology and Immunology for the Non-rheumatologist Daniel J. Clauw and Jacob N. Ablin -- Chapter 8:Overview of Musculoskeletal Neoplasms Atul F. Kamath, Harish S. Hosalkar and Richard D. Lackman, MD -- Chapter 9: Principles of Sports Medicine F. Winston Gwathmey, Jr., Joseph M. Hart and Mark D. Miller -- Chapter 10: Principles of Orthopaedic Trauma Samir Mehta -- Chapter 11: Pediatric Orthopaedics -- Chapter 12: The Spine William Postma, Steven Scherping, William Lauerman, and Sam W. Wiesel -- Chapter 13: The Shoulder Brent B. Wiesel, Benjamin Shaffer and Gerald R. Williams -- Chapter 14: The Elbow Brian Magovern and Matthew L. Ramsey, MD -- Chapter 15: Hand and Wrist Nick Pappas, Jonas L. Matzon and Pedro K. Beredjiklian -- Chapter 16: The Hip and Femur Neil P. Sheth, J. Stuart Melvin, Charles L. Nelson and R. Bruce Heppenstall -- Chapter 17: Knee and Leg Injuries Todd Rimington, John Klimkiewicz and Freddie Fu -- Chapter 18: Knee Arthroplasty John A. Johansen, and Brian G. Evans -- Chapter 19: Foot and Ankle Benjamin D. Martin and Francis X. McGuigan.
520 ## - التبصرة الخاصة بالتعليق أو التلخيص
ملخص,الخ "The book is divided into two sections. The general principles portion presents orthopaedic basic science in sufficient detail to prepare the reader for the in-training and board examinations. It contains chapters on the basics of the various modalities commonly used for patient evaluation in orthopaedics and the evaluation and treatment of musculoskeletal infection, metabolic bone disease, and musculoskeletal oncology. In addition, an overview of rheumatologic diseases affecting the musculoskeletal system and the principles guiding the treatment of orthopaedic trauma and sports medicine patients are included. In the subspecialty section, each chapter addresses the functional anatomy, patient evaluation (history, physical examination, and imaging), traumatic injuries, and atraumatic conditions for a specific region of the body. For each diagnosis, the typical presentation, options for non-operative and operative management, and expected outcomes are discussed"--Provided by publisher.
650 #0 - المدخل الاضافى بالموضوع-مصطلح موضوعى
مصطلح موضوعي أو اسم جغرافي كعنصر مدخل Orthopedic surgery.
9 (RLIN) 16315
650 12 - المدخل الاضافى بالموضوع-مصطلح موضوعى
مصطلح موضوعي أو اسم جغرافي كعنصر مدخل Orthopedic Procedures.
650 22 - المدخل الاضافى بالموضوع-مصطلح موضوعى
مصطلح موضوعي أو اسم جغرافي كعنصر مدخل Musculoskeletal Diseases
التقسيم الفرعي العام diagnosis.
9 (RLIN) 10215
650 22 - المدخل الاضافى بالموضوع-مصطلح موضوعى
مصطلح موضوعي أو اسم جغرافي كعنصر مدخل Musculoskeletal Diseases
التقسيم الفرعي العام therapy.
9 (RLIN) 38497
700 1# - المدخل الاضافى - اسم شخصى
الإسم الشخصى Wiesel, Brent B.
9 (RLIN) 38498
906 ## - عنصر بيانات محلى F, LDF (RLIN)
a 7
b cbc
c orignew
d 1
e ecip
f 20
g y-gencatlg
942 ## - عناصر المدخل الإضافي( كوها)
مصدر التصنيف او مخطط الترفيف Dewey Decimal Classification
Koha [default] item type كتاب
المقتنيات
حالة الفقد نموذج السعر الفعال حالة تلف ليس للاعارة رقم الطلب تاريخ الاكتساب الموقع الحالي الباركود الفرع الرئيسي Date last seen نوع المادة فى نظام كوها مصدر التصنيف او خطة الترفيف Total Checkouts
  2013-10-29     617.47 ORS 2013-10-29 المكتبة المركزية بالمجمعة (CL) 00402462 المكتبة المركزية بالمجمعة (CL) 2013-10-29 كتاب Dewey Decimal Classification  
  2013-10-29     617.47 ORS 2013-10-29 المكتبة المركزية بالمجمعة (CL) 00402463 المكتبة المركزية بالمجمعة (CL) 2013-10-29 كتاب Dewey Decimal Classification  
  2013-10-29     617.47 ORS 2013-10-29 المكتبة المركزية بالمجمعة (CL) 00402464 المكتبة المركزية بالمجمعة (CL) 2013-10-29 كتاب Dewey Decimal Classification  
  2013-10-29     617.47 ORS 2013-10-29 مكتبة كلية العلوم الطبية التطبيقية بالمجمعة - طالبات (AMF) 00402465 مكتبة كلية العلوم الطبية التطبيقية بالمجمعة - طالبات (AMF) 2013-10-29 كتاب Dewey Decimal Classification  
  2013-10-29     617.47 ORS 2013-10-29 مكتبة كلية العلوم الطبية التطبيقية بالمجمعة - طالبات (AMF) 00402466 مكتبة كلية العلوم الطبية التطبيقية بالمجمعة - طالبات (AMF) 2013-10-29 كتاب Dewey Decimal Classification